| 000 | 01455nam a22002531a 4500 | ||
|---|---|---|---|
| 005 | 20150814084435.0 | ||
| 008 | 150814b2014 ck |||||r|||| 00| 0 spa d | ||
| 040 |
_aCO-BoIAVH _cCO-BoIAVH |
||
| 041 | 0 | _aspa | |
| 044 | _ack | ||
| 090 |
_aEA- _b305 |
||
| 110 | 2 |
_aEN PUJA _b, Colectivo de comunicaciones |
|
| 245 | 1 |
_aSembrando y construyendo un mejor vivir: _bExperiencias comunitarias de conservación en el Golfo de Tribugá / _cColectivo de comunicaciones EN PUJA, Fondo de patrimonio natural y Fundación MarViva |
|
| 260 | 3 |
_aBogotá (Colombia): _bFundación MarViva, _c2014. |
|
| 300 |
_a36 p. _bilustraciones, fotografías, color _c22 cm. |
||
| 490 | _aProyecto Incentivos a la Conservación, caso piloto Pacífico | ||
| 505 | _aLos Riscales territorio en conservación. Acciones para cocinar conservando. El consumo: los fogones ahorradores de leña. El manejo y aprovechamiento del recurso: los huertos leñeros. Alternativa productiva: vainilla. Recuperación del manglar. Garantías para el futuro: corredor de conservación. | ||
| 650 | 6 |
_aConservación de ecosistemas _zGolfo de Tribugá (Colombia) |
|
| 650 | 6 |
_aConservación de ecosistemas _xmétodos de cocción _zGolfo de Tribugá (Colombia) |
|
| 650 | 6 |
_aConservación de ecosistemas _xProducto forestal _zGolfo de Tribugá (Colombia) |
|
| 710 | 2 | _aFondo de Patrimonio Natural | |
| 710 | 2 | _aFundación MarViva | |
| 942 |
_2z _cFolleto |
||
| 999 |
_c17674 _d17674 |
||